Music Quiz

Random Music or Song Quiz
Score 0/300 Timer 17:00
0 Plays Today
Answer % Correct
the
99.1%
the
99.1%
I'm
99.1%
a
99.1%
I
99.1%
I
99.1%
I
99.1%
I
99.1%
I
99.1%
an
99.1%
I
99.1%
an
99.1%
the
99.1%
and
99.1%
I
99.1%
a
99.1%
and
99.1%
the
99.1%
I'm
99.1%
the
99.1%
I
99.1%
and
99.1%
I
99.1%
I'd
99.1%
I
99.1%
I
99.1%
the
99.1%
I'm
99.1%
a
99.1%
I
99.1%
I
99.1%
I
99.1%
I
99.1%
I'll
99.1%
the
99.1%
I
99.1%
I'm
99.1%
I
99.1%
And
99.1%
I
99.1%
to
98.2%
you
98.2%
you
98.2%
you'd
98.2%
you
98.2%
to
98.2%
to
98.2%
you're
98.2%
your
98.2%
brains.
98.2%
your
98.2%
your
98.2%
brains.
98.2%
you
98.2%
your
98.2%
brains.
98.2%
to
98.2%
your
98.2%
your
98.2%
you'll
98.2%
you'll
98.2%
to
98.2%
to
98.2%
you
98.2%
You
98.2%
you
98.2%
to
98.2%
you,
98.2%
you're
98.2%
to
98.2%
to
98.2%
to
98.2%
you
98.2%
you
98.2%
your
98.2%
to
98.2%
your
98.2%
eat
97.3%
eat
97.3%
eat
97.3%
we'll
97.3%
eat
97.3%
we'll
97.3%
we'll
97.3%
we'll
97.3%
it's
96.4%
all
96.4%
here's
96.4%
all
96.4%
[CHORUS] All
96.4%
we
96.4%
do
96.4%
We're
96.4%
All
96.4%
we
96.4%
do
96.4%
We're
96.4%
we
96.4%
all
96.4%
don't
96.4%
Answer % Correct
be
96.4%
all
96.4%
do,
96.4%
we
96.4%
we're
96.4%
all
96.4%
me
95.5%
now.
95.5%
gonna
95.5%
wanna
95.5%
is
95.5%
wanna
95.5%
is
95.5%
is
95.5%
now
95.5%
me.
95.5%
now.
95.5%
from
94.5%
how've
94.5%
been?
94.5%
been
94.5%
for
94.5%
that
94.5%
zombie
94.5%
in.
94.5%
for
94.5%
of
94.5%
not
94.5%
no
94.5%
gonna
94.5%
that's
94.5%
for
94.5%
of
94.5%
not
94.5%
haven't
94.5%
it
94.5%
for
94.5%
that
94.5%
that's
94.5%
on
94.5%
in
94.5%
not
94.5%
it
94.5%
on
94.5%
for
94.5%
for
94.5%
office
93.6%
down
93.6%
have
93.6%
except
93.6%
mean
93.6%
one's
93.6%
eyes.
93.6%
at
93.6%
maybe
93.6%
inside
93.6%
inside
93.6%
Maybe
93.6%
have
93.6%
maybe
93.6%
Heya
92.7%
Tom,
92.7%
hall.
92.7%
really
92.7%
But
92.7%
here,
92.7%
come
92.7%
Tom,
92.7%
but
92.7%
really
92.7%
but
92.7%
out
92.7%
food
92.7%
But
92.7%
Tom,
92.7%
Tom,
92.7%
Tom,
92.7%
Tom,
92.7%
see
91.8%
this
91.8%
see
91.8%
this
91.8%
see
91.8%
this
91.8%
Good
90.9%
let
90.9%
us
90.9%
us
90.9%
unreasonable,
90.9%
up
90.9%
doors
90.9%
want
90.9%
plan?
90.9%
plan
90.9%
up?
90.9%
doors
90.9%
Bob,
90%
Things
90%
O.K.
90%
think
90%
Answer % Correct
when
90%
open
90%
O.K.
90%
well,
90%
well.
90%
thing
90%
when
90%
open. [repeat chorus]
90%
speak
89.1%
say
89.1%
what
89.1%
slowly. [repeat chorus]
89.1%
wish
88.2%
die
88.2%
compromise.
88.2%
make
88.2%
who
88.2%
buddy,
87.3%
mall?
87.3%
guns,
87.3%
stuff.
87.3%
eating
87.3%
know
87.3%
know
87.3%
understand
86.4%
someday
86.4%
call.
85.5%
head
85.5%
picture
85.5%
can.
85.5%
am.
85.5%
guess
85.5%
am.
85.5%
guess
85.5%
head
85.5%
impasse
84.5%
should
84.5%
nitpick,
84.5%
Spend
84.5%
life
84.5%
locked
84.5%
never
84.5%
had
84.5%
bigger
84.5%
monster
84.5%
could
84.5%
glad
84.5%
screaming.
83.6%
whole
83.6%
then
83.6%
thought
83.6%
through
83.6%
like
83.6%
FYI:
81.8%
surprised
81.8%
way
81.8%
way
81.8%
technically
81.8%
our
80.9%
If
80.9%
my
80.9%
any
80%
wrap
80%
are
80%
table
80%
hell.
80%
demand.
79.1%
enough.
79.1%
Thank
79.1%
time,
79.1%
put
79.1%
bed
79.1%
why
78.2%
help
78.2%
colleagues
78.2%
chewing
78.2%
with
77.3%
appreciate
76.4%
busy
76.4%
as
76.4%
submit
75.5%
get
75.5%
hesitate
74.5%
working
74.5%
might
73.6%
take
73.6%
somehow.
72.7%
constructive
72.7%
criticism
72.7%
bash
72.7%
back
71.8%
common
70%
ground
70%
folks
69.1%
report
68.2%
sure
67.3%
another
67.3%
meeting,
67.3%
Got
65.5%
Meanwhile
60%
Remove Ads.
Support Sporcle.
Get the best of Sporcle when you Go Orange. This ad-free experience offers more features, more stats, and more fun while also helping to support Sporcle. Thank you for becoming a member.

You're not logged in!

Compare scores with friends on all Sporcle quizzes.
OR
Log In

Show Comments

Extras

Top Quizzes Today


Score Distribution

Your Account Isn't Verified!

In order to create a playlist on Sporcle, you need to verify the email address you used during registration. Go to your Sporcle Settings to finish the process.

Report this User

Report this user for behavior that violates our Community Guidelines.

Details: